| 000 | 00762nam a2200277Ia 4500 | ||
|---|---|---|---|
| 003 | OSt | ||
| 005 | 20220912150239.0 | ||
| 006 | a|||||r|||| 00| 0 | ||
| 007 | ta | ||
| 008 | 220909b |||||||| |||| 00| 0 eng d | ||
| 020 | _a0201548852 | ||
| 024 | _a2956 | ||
| 037 | _cTextual | ||
| 040 |
_aCSL _beng _cCSL |
||
| 041 | _aeng | ||
| 082 | _aD65,8(B)z7, M7 | ||
| 245 | 0 | _aACM Turing award lectures: the first twenty years 1965-1985 | |
| 260 |
_aNew York _b ACM Press _c1987 |
||
| 300 | _axviii,483p | ||
| 490 | _aACM Press anthology series | ||
| 500 | _aIndexes 473-483p; ; 1995-01-25^bSB^c1996-04-16 | ||
| 650 | _a Lectures | ||
| 650 | _aComputer science | ||
| 942 |
_hD65,8(B)z7, M7 _cTEXL _2CC |
||
| 999 |
_c42881 _d42881 |
||